| 000 | 03386 a2200313 4500 | ||
|---|---|---|---|
| 008 | 090504t xxu||||| |||| 00| 0 hin d | ||
| 010 | _aB-288838-846 | ||
| 020 |
_c350.00 _a9788188939220 |
||
| 035 | _aB-288838-846 | ||
| 037 | _bबिमला बुक्स | ||
| 040 |
_adpl _bHIN |
||
| 082 | _a910.4 | ||
| 100 | _aमिश्र,रामदरश | ||
| 245 |
_aघर से घर तक / _b रामदरश मिश्र |
||
| 260 |
_aदिल्ली _bबिमला बुक्स _c2007 |
||
| 270 |
_aई1/267, सोनिया विहार _bदिल्ली _cदिल्ली _e110094 |
||
| 300 |
_a247पृ, _c22 सेमी (सजिल्द) |
||
| 942 |
_adpl _cHN _k/ मिश्ररा _2ddc _h910.4 _m मिश्ररा |
||
| 999 |
_c12951 _d12951 |
||